(サドンデス)JR神戸線 みどりの窓口設置駅 - Statistics

General Stats
  • This quiz has been taken 92 times
  • The average score is 8 of 13
Answers on the Grid
Answers color-coded by a green-red scale on the quiz's grid according to % correct below.
大阪駅
塚本駅
尼崎駅
立花駅
甲子園口駅
西宮駅
さくら夙川駅
芦屋駅
甲南山手駅
摂津本山駅
住吉駅
六甲道駅
摩耶駅
灘駅
三ノ宮駅
元町駅
神戸駅
兵庫駅
新長田駅
鷹取駅
須磨海浜公園駅
須磨駅
塩屋駅
垂水駅
舞子駅
朝霧駅
明石駅
西明石駅
大久保駅
魚住駅
土山駅
東加古川駅
加古川駅
宝殿駅
曽根駅
ひめじ別所駅
御着駅
東姫路駅
姫路駅
 
Answer Stats
Answer % Correct
大阪駅
97%
神戸駅
90%
三ノ宮駅
87%
尼崎駅
82%
姫路駅
74%
加古川駅
66%
明石駅
65%
西宮駅
61%
西明石駅
60%
芦屋駅
53%
住吉駅
23%
さくら夙川駅
5%
垂水駅
5%
No matching quizzes found
Score Distribution
Percent of People with Each Score
Percentile by Number Answered
Your Score History
You have not taken this quiz